000 00737nam a2200181 i 4500
001 189954
003 ES-MaACL
005 20250902073149.0
008 200221s1972 sp |||| | spa d
245 0 0 _aSanitarios
_b: Reglamentación nacional de trabajo de establecimientos sanitarios de hospitalización y de asistencia [Orden de 19 de diciembre de 1947] Modificaciones, concordancias y aclaraciones al día.
260 _aMadrid :
_bGarcía Enciso,
_c1972.
300 _a63 p. ;
_c15 cm.
490 1 _aColección "García Enciso"
650 4 _aHospitales-
_xPersonal-
_xEstatuto jurídico-
_zEspaña.
_9169675
830 0 0 _aColección "García Enciso"
_9176884
852 _aES-MaACL
_jP-1332-36
999 _c189954
_d189954